LEADER 01071nam0-22003371i-450- 001 990004454950403321 005 20090402125249.0 035 $a000445495 035 $aFED01000445495 035 $a(Aleph)000445495FED01 035 $a000445495 100 $a19990604d1964----km-y0itay50------ba 101 0 $aita 105 $ay-------001yy 200 1 $a<>sviluppo della dottrina sui poteri nella Chiesa universale$emomenti essenziali tra il XVI e il XIX secolo$fGiuseppe Alberigo 210 $aRoma$cHerder$d1964 215 $aVII, 463 p.$d19 cm 225 1 $aTesti e ricerche di scienze religiose$v1 676 $a262.1209 700 1$aAlberigo,$bGiuseppe$f<1926-2007>$07630 801 0$aIT$bUNINA$gRICA$2UNIMARC 901 $aBK 912 $a990004454950403321 952 $aIII EE 13$b244$fDCEC 952 $a262.12 ALB 1 BIS$fFLFBC 952 $a262.12 ALB 1$bbibl.38664$fFLFBC 952 $aI.S.R. 19 B 33$fFLFBC 959 $aFLFBC 959 $aDCEC 996 $aSviluppo della dottrina sui poteri nella chiesa universale$9155423 997 $aUNINA LEADER 01201nam--2200385---450- 001 990006144150203316 005 20160502110859.0 010 $a978-88-498-4625-6 035 $a000614415 035 $aUSA01000614415 035 $a(ALEPH)000614415USA01 035 $a000614415 100 $a20160215d2015----km-y0itay50------ba 101 $aita 102 $aIT 105 $a||||||||001yy 200 1 $a<> sistema di estorsioni in Puglia$epotere e legittimazione$fAndrea Apollonio, Giovanni Montanaro$gprefazione di Filippo Bubbico 210 $aSoveria Mannelli$cRubbettino$d2015 215 $a240 p.$d23 cm 225 2 $aArcipelago$v6 410 0$12001$aArcipelago$v, 6 606 1$aCamorra$yPuglia$xEstorsione$2BNCF 676 $a364.165 700 1$aAPOLLONIO,$bAndrea$0475006 701 1$aMONTANARO,$bGiovanni$0616443 702 1$aBUBBICO,$bFilippo 801 0$aIT$bsalbc$gISBD 912 $a990006144150203316 951 $aII.5. 8187$b251660 L.M.$cII.5.$d389082 959 $aBK 969 $aUMA 979 $aFIORELLA$b90$c20160502$lUSA01$h1103 979 $aFIORELLA$b90$c20160502$lUSA01$h1108 996 $aSistema di estorsioni in Puglia$91386339 997 $aUNISA